Which Ship is From Each Group? (Kpop) - Statistics

General Stats
  • This quiz has been taken 2,061 times
  • The average score is 6 of 16
Answer Stats
Hint Answer % Correct
Taekook/ Vkook BTS
99%
Namjin BTS
80%
G-TOP Big Bang
78%
Chanbaek Exo
78%
Jeungcheol Seventeen
60%
Hyunew SHINee
35%
Hunhan Exo
33%
Meanie Seventeen
32%
Neo VIXX
29%
Sunyeon SNSD
28%
Keyon SHINee
24%
Jonglo BAP
9%
Chaera 2ne1
8%
Jungmo Twice
8%
Xenissi Topp Dogg
5%
Daesu/ Kieil 24k
2%
No matching quizzes found
Score Distribution
Percent of People with Each Score
Percentile by Number Answered
Your Score History
You have not taken this quiz